[Event "British Rapidplay"]
[Site "Peterborough"]
[Date "2025.03.01"]
[Round "3.21"]
[White "Taylor, Robert Keith"]
[Black "Rushbrooke, Remy"]
[Result "0-1"]
[WhiteElo "1896"]
[BlackElo "2094"]
[PlyCount "38"]
[EventDate "2025.03.01"]
[EventType "swiss (rapid)"]
[EventRounds "11"]
[EventCountry "ENG"]
[SourceTitle "BritBase"]
[Source "John Saunders"]
[SourceDate "2025.03.03"]
[SourceVersion "1"]
[SourceVersionDate "2025.03.03"]
[SourceQuality "2"]

1. e4 g6 2. d4 Bg7 3. c3 d6 4. Bd3 e5 5. Nf3 Ne7 6. dxe5 dxe5 7. O-O O-O 8. h3 a5 9. Bg5 h6 10. Bxe7 Qxe7 11. Nbd2 Na6 12. Re1 Nc5 13. Bf1 c6 14. Qc2 Qc7 15. a4 Rd8 16. Nb3 Bf8 17. Nfd2 Be6 18. Bc4 Nxb3 19. Bxe6 Nxa1 0-1

[Event "British Rapidplay"]
[Site "Peterborough"]
[Date "2025.03.01"]
[Round "3.22"]
[White "Ansari, Athar"]
[Black "Czopor, Maciej"]
[Result "0-1"]
[WhiteElo "1954"]
[BlackElo "2412"]
[PlyCount "62"]
[EventDate "2025.03.01"]
[EventType "swiss (rapid)"]
[EventRounds "11"]
[EventCountry "ENG"]
[SourceTitle "BritBase"]
[Source "John Saunders"]
[SourceDate "2025.03.03"]
[SourceVersion "1"]
[SourceVersionDate "2025.03.03"]
[SourceQuality "2"]

1. d4 Nf6 2. Nf3 e6 3. Bf4 b5 4. e3 a6 5. Be2 c5 6. O-O Bb7 7. Nbd2 Nc6 8. c3 Be7 9. Nb3 cxd4 10. cxd4 d6 11. Rc1 O-O 12. Nfd2 Qb6 13. Bf3 Rac8 14. Qe2 Rfd8 15. Bg3 a5 16. Ne4 Nd5 17. Nc3 Nxc3 18. bxc3 Ba6 19. Qb2 Bf6 20. Be2 Ne7 21. Nd2 Nf5 22. a4 b4 23. Bxa6 Qxa6 24. cxb4 axb4 25. Qxb4 h5 26. Ne4 h4 27. Rxc8 Rxc8 28. Bxd6 h3 29. Nxf6+ gxf6 30. Bg3 Qxf1+ 31. Kxf1 Rc1+ 0-1

[Event "British Rapidplay"]
[Site "Peterborough"]
[Date "2025.03.01"]
[Round "3.23"]
[White "Hutchinson, Paul A"]
[Black "Martyn, Rafe"]
[Result "0-1"]
[WhiteElo "2054"]
[BlackElo "2201"]
[PlyCount "118"]
[EventDate "2025.03.01"]
[EventType "swiss (rapid)"]
[EventRounds "11"]
[EventCountry "ENG"]
[SourceTitle "BritBase"]
[Source "John Saunders"]
[SourceDate "2025.03.03"]
[SourceVersion "1"]
[SourceVersionDate "2025.03.03"]
[SourceQuality "2"]

1. d4 d5 2. Bf4 Nf6 3. e3 e6 4. Nd2 Bd6 5. Bg3 O-O 6. Ngf3 c5 7. c3 b6 8. Ne5 Bb7 9. Bd3 Nc6 10. f4 Ne7 11. O-O Ne4 12. Be1 f6 13. Ng4 Nf5 14. Qf3 Nxd2 15. Bxd2 Be7 16. Nf2 Nd6 17. g4 e5 18. Qh3 e4 19. Be2 a5 20. Kh1 a4 21. a3 Ba6 22. Bxa6 Rxa6 23. Rae1 Nc4 24. Bc1 cxd4 25. exd4 f5 26. g5 b5 27. Nd1 h6 28. Rg1 hxg5 29. fxg5 Rg6 30. Bf4 Bd6 31. Qg3 Qb8 32. Ref1 Nd2 33. Bxd6 Qxd6 34. Qxd6 Rxd6 35. Rf4 g6 36. Ne3 Nf3 37. Rg3 Ne1 38. Nd1 Nd3 39. Rh4 f4 40. Rgh3 e3 41. Rh8+ Kf7 42. R8h7+ Ke6 43. Rxe3+ fxe3 44. Nxe3 Nxb2 45. Rg7 Nc4 46. Rxg6+ Kd7 47. Rg7+ Kc6 48. Ng4 Rf4 49. Nf6 Rfxf6 50. gxf6 Rxf6 51. Ra7 Kb6 52. Rd7 Rd6 53. Rg7 Nxa3 54. Rg1 Re6 55. Ra1 Nc2 56. Ra2 Re2 57. h4 Nxd4 58. Rxe2 Nxe2 59. Kg2 a3 0-1

[Event "British Rapidplay"]
[Site "Peterborough"]
[Date "2025.03.01"]
[Round "3.24"]
[White "Vijayakumar, Rishi"]
[Black "Sarakauskas, Gediminas"]
[Result "1/2-1/2"]
[WhiteElo "2311"]
[BlackElo "2323"]
[PlyCount "118"]
[EventDate "2025.03.01"]
[EventType "swiss (rapid)"]
[EventRounds "11"]
[EventCountry "ENG"]
[SourceTitle "BritBase"]
[Source "John Saunders"]
[SourceDate "2025.03.03"]
[SourceVersion "1"]
[SourceVersionDate "2025.03.03"]
[SourceQuality "2"]

1. d4 d5 2. c4 c6 3. Nc3 Nf6 4. Nf3 a6 5. a4 e6 6. Bg5 Nbd7 7. e3 Qa5 8. Nd2 dxc4 9. Bxf6 Nxf6 10. Nxc4 Qc7 11. a5 Be7 12. g3 c5 13. Nb6 Rb8 14. Bg2 cxd4 15. exd4 O-O 16. Ra4 Nd7 17. Rc4 Qd8 18. Nca4 Nxb6 19. Nxb6 Bd7 20. Nxd7 Qxd7 21. Qa4 b5 22. axb6 Qxa4 23. Rxa4 Rxb6 24. O-O Rxb2 25. Rxa6 Rd2 26. Ra7 Bf6 27. d5 exd5 28. Rd7 Rd8 29. Re1 Kf8 30. Rxd8+ Bxd8 31. Re5 Rd1+ 32. Bf1 Bf6 33. Re3 d4 34. Rd3 Ra1 35. Kg2 Ra2 36. Rb3 Ra7 37. Bd3 g6 38. Be4 Be7 39. Rb8+ Kg7 40. Rb7 Rxb7 41. Bxb7 d3 42. Kf3 Bg5 43. h4 Bc1 44. Be4 d2 45. Ke2 f6 46. Bf3 h5 47. Bd5 g5 48. Bf3 Kg6 49. Be4+ f5 50. Bc6 g4 51. Be8+ Kh6 52. Bd7 f4 53. gxf4 d1=Q+ 54. Kxd1 Bxf4 55. Ke2 Be5 56. Ke3 Bf6 57. Kf4 Bxh4 58. Bxg4 hxg4 59. Kxg4 Bxf2 1/2-1/2

[Event "British Rapidplay"]
[Site "Peterborough"]
[Date "2025.03.01"]
[Round "3.25"]
[White "Hng, Mei-En Emmanuelle"]
[Black "Boswell, Jacob Connor"]
[Result "1-0"]
[WhiteElo "2136"]
[BlackElo "2245"]
[PlyCount "81"]
[EventDate "2025.03.01"]
[EventType "swiss (rapid)"]
[EventRounds "11"]
[EventCountry "ENG"]
[SourceTitle "BritBase"]
[Source "John Saunders"]
[SourceDate "2025.03.03"]
[SourceVersion "1"]
[SourceVersionDate "2025.03.03"]
[SourceQuality "2"]

1. Nf3 Nf6 2. c4 g6 3. d4 Bg7 4. Nc3 O-O 5. e4 d6 6. h3 e5 7. dxe5 dxe5 8. Bg5 Nbd7 9. Be2 c6 10. O-O Qc7 11. Qc2 Nc5 12. Rad1 Ne6 13. Be3 Bd7 14. c5 Rad8 15. b4 Nh5 16. Rd6 Nhf4 17. Bc4 Bc8 18. Rfd1 Qe7 19. Qd2 Rde8 20. Ne2 Nxe2+ 21. Qxe2 Kh8 22. Qd2 Nf4 23. b5 Ne6 24. bxc6 bxc6 25. Bb3 Ba6 26. Ba4 Bb5 27. Bxb5 cxb5 28. Rd7 Qf6 29. c6 Rc8 30. Qd6 a6 31. Bb6 Qf4 32. c7 Qxe4 33. Rxf7 Rxf7 34. Qxe6 Rff8 35. Qxc8 Rxc8 36. Rd8+ Bf8 37. Rxc8 Kg7 38. Rxf8 Kxf8 39. c8=Q+ Kg7 40. Qc7+ Kh6 41. Be3+ 1-0

[Event "British Rapidplay"]
[Site "Peterborough"]
[Date "2025.03.01"]
[Round "3.26"]
[White "Eckersley-Waites, Adam"]
[Black "Patel, Zain"]
[Result "1-0"]
[WhiteElo "2247"]
[BlackElo "2079"]
[PlyCount "77"]
[EventDate "2025.03.01"]
[EventType "swiss (rapid)"]
[EventRounds "11"]
[EventCountry "ENG"]
[SourceTitle "BritBase"]
[Source "John Saunders"]
[SourceDate "2025.03.03"]
[SourceVersion "1"]
[SourceVersionDate "2025.03.03"]
[SourceQuality "2"]

1. Nf3 Nf6 2. c4 e6 3. Nc3 c5 4. g3 b6 5. Bg2 Bb7 6. O-O Be7 7. b3 O-O 8. Bb2 Ne4 9. Qc2 Nxc3 10. Bxc3 Nc6 11. e3 Bf6 12. Rad1 Rc8 13. Qb1 Bxc3 14. dxc3 d5 15. cxd5 exd5 16. c4 d4 17. exd4 cxd4 18. Nxd4 Nxd4 19. Bxb7 Rc7 20. Bd5 Ne2+ 21. Kg2 Qg5 22. f4 Qf6 23. Qd3 Nc3 24. Rd2 b5 25. Rc1 b4 26. Re1 Rc5 27. Re5 Rc7 28. Bf3 g6 29. a3 Qb6 30. axb4 Qxb4 31. Re3 Nb1 32. Rde2 Na3 33. Bd5 a5 34. Re8 Rd7 35. f5 Qd6 36. fxg6 hxg6 37. R2e6 Qxe6 38. Rxe6 fxe6 39. Bxe6+ 1-0

[Event "British Rapidplay"]
[Site "Peterborough"]
[Date "2025.03.01"]
[Round "3.27"]
[White "Harris, Michael"]
[Black "Mirzoeva, Elmira"]
[Result "0-1"]
[WhiteElo "2234"]
[BlackElo "2272"]
[PlyCount "59"]
[EventDate "2025.03.01"]
[EventType "swiss (rapid)"]
[EventRounds "11"]
[EventCountry "ENG"]
[SourceTitle "BritBase"]
[Source "John Saunders"]
[SourceDate "2025.03.03"]
[SourceVersion "1"]
[SourceVersionDate "2025.03.03"]
[SourceQuality "2"]

1. d4 d5 2. Nf3 Nf6 3. c4 c6 4. cxd5 cxd5 5. Nc3 Nc6 6. Bf4 Bf5 7. e3 a6 8. Rc1 e6 9. Ne5 Nxe5 10. Bxe5 Be7 11. Qb3 b5 12. Bxf6 gxf6 13. Be2 O-O 14. O-O Kh8 15. Rcd1 Rc8 16. a3 Qa5 17. Bf3 Bg6 18. e4 dxe4 19. Bxe4 Rxc3 20. bxc3 Bxe4 21. c4 bxc4 22. Qxc4 Qg5 23. f3 Rg8 24. Qe2 Bd5 25. Rf2 Bxa3 26. Ra1 Bc1 27. Kh1 Be3 28. Rff1 Bxd4 29. Rxa6 Bc4 30. Qe1 0-1

[Event "British Rapidplay"]
[Site "Peterborough"]
[Date "2025.03.01"]
[Round "3.28"]
[White "Pritchett, Craig William"]
[Black "White, Stuart A"]
[Result "1/2-1/2"]
[WhiteElo "2177"]
[BlackElo "2024"]
[PlyCount "132"]
[EventDate "2025.03.01"]
[EventType "swiss (rapid)"]
[EventRounds "11"]
[EventCountry "ENG"]
[SourceTitle "BritBase"]
[Source "John Saunders"]
[SourceDate "2025.03.03"]
[SourceVersion "1"]
[SourceVersionDate "2025.03.03"]
[SourceQuality "2"]

1. Nf3 d5 2. e3 Nf6 3. c4 c6 4. Qc2 e6 5. Nc3 Bd6 6. b3 O-O 7. Bb2 b6 8. Be2 Bb7 9. O-O Nbd7 10. d4 Qe7 11. Rfd1 Rfd8 12. e4 dxe4 13. Nxe4 Nxe4 14. Qxe4 f5 15. Qe3 c5 16. Qg5 h6 17. Qxe7 Bxe7 18. dxc5 Nxc5 19. Be5 Rac8 20. Rac1 Kf7 21. Bd4 Nd7 22. Ne5+ Nxe5 23. Bxe5 Be4 24. Kf1 Ba3 25. Rxd8 Rxd8 26. Rd1 Rxd1+ 27. Bxd1 Bd3+ 28. Kg1 Bc5 29. a4 a5 30. g3 g6 31. Kg2 Be4+ 32. f3 Bd3 33. h4 Ke7 34. Bf4 h5 35. Bg5+ Kd6 36. Bh6 Bd4 37. Bf8+ Kc6 38. g4 Bf6 39. Kg3 fxg4 40. fxg4 Be5+ 41. Kf3 hxg4+ 42. Kxg4 Bf5+ 43. Kg5 Bc3 44. Bf3+ Kd7 45. Bd1 Bd2+ 46. Kf6 Be1 47. h5 gxh5 48. Bxh5 Bc2 49. Bg4 Bc3+ 50. Kf7 Bxb3 51. Bxe6+ Kc6 52. Bd5+ Kc7 53. Ke6 Bxa4 54. Bd6+ Kc8 55. c5 Bd7+ 56. Ke7 bxc5 57. Bxc5 Bb5 58. Kd6 Bg7 59. Be6+ Kb7 60. Kd5 Bc6+ 61. Kc4 a4 62. Kb4 Kc7 63. Bc4 Bh6 64. Bb5 a3 65. Bxc6 Kxc6 66. Kxa3 Kxc5 1/2-1/2

[Event "British Rapidplay"]
[Site "Peterborough"]
[Date "2025.03.01"]
[Round "3.29"]
[White "Kumar, Arnav"]
[Black "Cancedda-Dupuis, Livio"]
[Result "0-1"]
[WhiteElo "1767"]
[BlackElo "2053"]
[PlyCount "72"]
[EventDate "2025.03.01"]
[EventType "swiss (rapid)"]
[EventRounds "11"]
[EventCountry "ENG"]
[SourceTitle "BritBase"]
[Source "John Saunders"]
[SourceDate "2025.03.03"]
[SourceVersion "1"]
[SourceVersionDate "2025.03.03"]
[SourceQuality "2"]

1. e4 c5 2. Nf3 Nc6 3. d4 cxd4 4. Nxd4 Nf6 5. Nc3 e5 6. Ndb5 d6 7. Nd5 Nxd5 8. exd5 Ne7 9. c4 Nf5 10. Be2 a6 11. Qa4 Bd7 12. Qd1 axb5 13. cxb5 Nd4 14. Be3 Nxe2 15. Qxe2 Qa5+ 16. Qd2 Qxd2+ 17. Kxd2 Bxb5 18. b3 Be7 19. a4 Bd7 20. Rac1 b5 21. axb5 Bxb5 22. Ra1 O-O 23. Rhc1 Rxa1 24. Rxa1 f5 25. Ra7 Bd8 26. f3 f4 27. Bf2 Bf1 28. Rd7 Ba5+ 29. Kc2 Rc8+ 30. Kb2 Bc3+ 31. Kb1 Bd3+ 32. Kc1 Be1+ 33. Kd1 Bxf2 34. Kd2 Bb5 35. Rxd6 Be3+ 36. Kd1 Rc1# 0-1

[Event "British Rapidplay"]
[Site "Peterborough"]
[Date "2025.03.01"]
[Round "3.30"]
[White "Goh, Jinghan Cameron"]
[Black "Tanmay, Chopra"]
[Result "1/2-1/2"]
[WhiteElo "2102"]
[BlackElo "2357"]
[PlyCount "70"]
[EventDate "2025.03.01"]
[EventType "swiss (rapid)"]
[EventRounds "11"]
[EventCountry "ENG"]
[SourceTitle "BritBase"]
[Source "John Saunders"]
[SourceDate "2025.03.03"]
[SourceVersion "1"]
[SourceVersionDate "2025.03.03"]
[SourceQuality "2"]

1. d4 Nf6 2. c4 e6 3. g3 d5 4. Bg2 dxc4 5. Nf3 Bd7 6. Ne5 Bc6 7. Nxc6 Nxc6 8. O-O Qd7 9. e3 O-O-O 10. b3 e5 11. Qc2 cxb3 12. axb3 exd4 13. exd4 Kb8 14. Nc3 Nxd4 15. Qa2 Bc5 16. Rd1 Qe7 17. Be3 Nf5 18. Rxd8+ Rxd8 19. Bxc5 Qxc5 20. b4 Qb6 21. Qxf7 Qxb4 22. Rb1 Qxc3 23. Bxb7 Qc2 24. Be4+ Qxb1+ 25. Bxb1 Rd1+ 26. Kg2 Rxb1 27. g4 Nh4+ 28. Kh3 g5 29. f3 Rf1 30. Qf8+ Kb7 31. Qb4+ Kc8 32. Qf8+ Kb7 33. Qb4+ Kc8 34. Qf8+ Kd7 35. Qf7+ Kc8 1/2-1/2

[Event "British Rapidplay"]
[Site "Peterborough"]
[Date "2025.03.01"]
[Round "3.31"]
[White "Southcott-Moyers, Indy"]
[Black "Jackson, Sheila"]
[Result "1-0"]
[WhiteElo "2227"]
[BlackElo "2031"]
[PlyCount "63"]
[EventDate "2025.03.01"]
[EventType "swiss (rapid)"]
[EventRounds "11"]
[EventCountry "ENG"]
[SourceTitle "BritBase"]
[Source "John Saunders"]
[SourceDate "2025.03.03"]
[SourceVersion "1"]
[SourceVersionDate "2025.03.03"]
[SourceQuality "2"]

1. d4 Nf6 2. c4 e6 3. Nf3 Bb4+ 4. Nbd2 d5 5. Qa4+ Nc6 6. e3 Bd7 7. Qc2 O-O 8. a3 Bxd2+ 9. Bxd2 Ne4 10. Bd3 f5 11. b4 Be8 12. b5 Nxd2 13. Qxd2 Ne7 14. O-O dxc4 15. Bxc4 Nd5 16. Ne5 Qd6 17. Qb2 c6 18. a4 Rc8 19. Bxd5 cxd5 20. Rac1 Bd7 21. f4 Rfd8 22. Rf2 Rxc1+ 23. Qxc1 Rc8 24. Rc2 Rxc2 25. Qxc2 Kf8 26. Qc5 Ke7 27. Qxa7 Qb4 28. Qc5+ Qxc5 29. dxc5 Bc8 30. Kf2 Ke8 31. Ke2 Kd8 32. Kd2 1-0

[Event "British Rapidplay"]
[Site "Peterborough"]
[Date "2025.03.01"]
[Round "3.32"]
[White "Hng, Mei-Xian Eunice"]
[Black "Finn, Peter"]
[Result "1-0"]
[WhiteElo "2066"]
[BlackElo "2205"]
[PlyCount "97"]
[EventDate "2025.03.01"]
[EventType "swiss (rapid)"]
[EventRounds "11"]
[EventCountry "ENG"]
[SourceTitle "BritBase"]
[Source "John Saunders"]
[SourceDate "2025.03.03"]
[SourceVersion "1"]
[SourceVersionDate "2025.03.03"]
[SourceQuality "2"]

1. e4 c5 2. d4 cxd4 3. c3 Nf6 4. e5 Nd5 5. Qxd4 e6 6. Bd3 Nc6 7. Qe4 d6 8. exd6 Bxd6 9. Nf3 f5 10. Qe2 O-O 11. O-O h6 12. Rd1 Qf6 13. Bc4 Nf4 14. Bxf4 Bxf4 15. Nbd2 Kh7 16. Nb3 Bc7 17. Nc5 Re8 18. Nd7 Bxd7 19. Rxd7 Rac8 20. Re1 Nb8 21. Rdd1 e5 22. g3 Re7 23. Nd4 g6 24. Nb5 a6 25. Nxc7 Rexc7 26. Bd5 Re8 27. Bb3 Nc6 28. Rd5 e4 29. f4 Rd8 30. Red1 Rxd5 31. Rxd5 Ne7 32. Re5 Qb6+ 33. Kg2 Rd7 34. Kh3 Qd8 35. Qc4 Nc6 36. Rc5 Re7 37. Rd5 Qe8 38. Qe2 Na5 39. Rxa5 g5 40. fxg5 hxg5 41. Rxf5 Qg6 42. Rf1 Kh6 43. Qe3 Qd6 44. Kg2 Qg6 45. h4 Re5 46. hxg5+ Rxg5 47. Rh1+ Kg7 48. Qd4+ Qf6 49. Rh7+ 1-0

[Event "British Rapidplay"]
[Site "Peterborough"]
[Date "2025.03.01"]
[Round "3.33"]
[White "Deva, Chetan"]
[Black "Young, Daniel J"]
[Result "1-0"]
[WhiteElo "2181"]
[BlackElo "1975"]
[PlyCount "75"]
[EventDate "2025.03.01"]
[EventType "swiss (rapid)"]
[EventRounds "11"]
[EventCountry "ENG"]
[SourceTitle "BritBase"]
[Source "John Saunders"]
[SourceDate "2025.03.03"]
[SourceVersion "1"]
[SourceVersionDate "2025.03.03"]
[SourceQuality "2"]

1. c4 g6 2. d4 Nf6 3. Nf3 Bg7 4. Nc3 O-O 5. e4 d6 6. h3 e5 7. d5 Na6 8. Bd3 Nc5 9. Bc2 a5 10. O-O Nh5 11. a3 Bd7 12. Rb1 a4 13. Be3 f5 14. exf5 gxf5 15. Bxc5 dxc5 16. Nxe5 Bxe5 17. Qxh5 Qf6 18. Nd1 Kh8 19. f4 Bd4+ 20. Kh2 Rae8 21. Nf2 Rg8 22. Ng4 Qf8 23. Nh6 Rg6 24. Nxf5 Bxf5 25. Bxf5 Rh6 26. Qg4 Qf6 27. Be6 b6 28. b3 axb3 29. Rxb3 Rg6 30. Qf3 Re7 31. a4 Re8 32. g4 Ra8 33. Ra3 Ra5 34. g5 Qe7 35. h4 Qe8 36. f5 Rg7 37. f6 Rg6 38. Ra2 1-0

[Event "British Rapidplay"]
[Site "Peterborough"]
[Date "2025.03.01"]
[Round "3.34"]
[White "Murawski, Jan"]
[Black "Walker, Martin Graham"]
[Result "1-0"]
[WhiteElo "2079"]
[BlackElo "2091"]
[PlyCount "73"]
[EventDate "2025.03.01"]
[EventType "swiss (rapid)"]
[EventRounds "11"]
[EventCountry "ENG"]
[SourceTitle "BritBase"]
[Source "John Saunders"]
[SourceDate "2025.03.03"]
[SourceVersion "1"]
[SourceVersionDate "2025.03.03"]
[SourceQuality "2"]

1. c4 e5 2. Nc3 Nf6 3. Nf3 Nc6 4. e4 Bc5 5. Nxe5 Nxe5 6. d4 Bb4 7. dxe5 Nxe4 8. Qf3 Qh4 9. g3 Ng5 10. Qe2 Qe4 11. Bxg5 Qxh1 12. f3 Bxc3+ 13. bxc3 b6 14. O-O-O Bb7 15. e6 fxe6 16. Qe5 O-O 17. Be2 Qxh2 18. Rxd7 Rf7 19. Rxf7 Kxf7 20. Qxc7+ Kg8 21. Qxb7 Rf8 22. Qe4 Qxg3 23. Qxe6+ Kh8 24. Bd2 Qc7 25. Qe4 Qf7 26. f4 Qf5 27. Qd4 Qf6 28. Bd3 Qc6 29. Kb2 Qf6 30. Qe4 Qh4 31. Kc2 Qh5 32. f5 Qf7 33. Qh4 Qf6 34. Bg5 Qf7 35. f6 g6 36. Qd4 Re8 37. Be4 1-0

[Event "British Rapidplay"]
[Site "Peterborough"]
[Date "2025.03.01"]
[Round "3.35"]
[White "Dicen, Elis Denele"]
[Black "Bin-Suhayl, Yousuf"]
[Result "1-0"]
[WhiteElo "2129"]
[BlackElo "1897"]
[PlyCount "55"]
[EventDate "2025.03.01"]
[EventType "swiss (rapid)"]
[EventRounds "11"]
[EventCountry "ENG"]
[SourceTitle "BritBase"]
[Source "John Saunders"]
[SourceDate "2025.03.03"]
[SourceVersion "1"]
[SourceVersionDate "2025.03.03"]
[SourceQuality "2"]

1. d4 Nf6 2. c4 e6 3. Nf3 b6 4. Nc3 Bb4 5. e3 Ne4 6. Qc2 Bxc3+ 7. bxc3 f5 8. Bd3 Bb7 9. O-O O-O 10. Nd2 Nxd2 11. Bxd2 d6 12. f3 Nd7 13. Rae1 Qf6 14. e4 f4 15. e5 dxe5 16. Bxh7+ Kh8 17. Be4 Rab8 18. Bxb7 Rxb7 19. Re4 Rbb8 20. Rfe1 g5 21. Bc1 Kg7 22. Ba3 Rh8 23. dxe5 Qf5 24. Qe2 Rh7 25. Rd1 Kg6 26. Red4 Rbh8 27. Rxd7 Rxh2 28. Qe4 1-0

[Event "British Rapidplay"]
[Site "Peterborough"]
[Date "2025.03.01"]
[Round "3.36"]
[White "Mylovanov, Volodymyr"]
[Black "Siva, Mahadevan"]
[Result "0-1"]
[WhiteElo "1821"]
[BlackElo "2369"]
[PlyCount "60"]
[EventDate "2025.03.01"]
[EventType "swiss (rapid)"]
[EventRounds "11"]
[EventCountry "ENG"]
[SourceTitle "BritBase"]
[Source "John Saunders"]
[SourceDate "2025.03.03"]
[SourceVersion "1"]
[SourceVersionDate "2025.03.03"]
[SourceQuality "2"]

1. d4 Nf6 2. c4 e6 3. Nf3 b6 4. a3 Ba6 5. Nbd2 c5 6. g3 Bb7 7. e3 cxd4 8. exd4 Nc6 9. Nb3 d5 10. cxd5 Qxd5 11. Bg2 Ba6 12. Be3 Be7 13. Nc1 Rc8 14. Ne2 Qb5 15. b3 Nd5 16. Bf1 Bxa3 17. Nf4 Qa5+ 18. Bd2 Ncb4 19. Bxa6 Qxa6 20. Rxa3 Qxa3 21. O-O O-O 22. Ng5 h6 23. Ne4 Qb2 24. Bc1 Qb1 25. Nh5 Qxe4 26. Re1 Qf5 27. Re5 Qb1 28. Qg4 Rxc1+ 29. Kg2 Rg1+ 30. Kh3 Qg6 0-1

[Event "British Rapidplay"]
[Site "Peterborough"]
[Date "2025.03.01"]
[Round "3.37"]
[White "Bradbury, Neil H"]
[Black "Ward, Andrew"]
[Result "0-1"]
[WhiteElo "2148"]
[BlackElo "1894"]
[PlyCount "143"]
[EventDate "2025.03.01"]
[EventType "swiss (rapid)"]
[EventRounds "11"]
[EventCountry "ENG"]
[SourceTitle "BritBase"]
[Source "John Saunders"]
[SourceDate "2025.03.03"]
[SourceVersion "1"]
[SourceVersionDate "2025.03.03"]
[SourceQuality "2"]

1. d4 d5 2. c4 e6 3. Nf3 a6 4. g3 dxc4 5. Bg2 Nc6 6. O-O Rb8 7. e4 Nf6 8. Nc3 Be7 9. e5 Nd5 10. Ne4 O-O 11. Bd2 Ndb4 12. Bc3 Nd5 13. h4 b5 14. Qb1 h6 15. Bd2 Bb7 16. Qc1 Kh7 17. b3 cxb3 18. axb3 Ncb4 19. Nc5 Bc8 20. h5 Rb6 21. Qe1 Nc6 22. Ne4 Ncb4 23. Qb1 Kg8 24. g4 f5 25. exf6 Nxf6 26. Nxf6+ Rxf6 27. g5 hxg5 28. Bxg5 Rf5 29. Be3 Nd5 30. Ne5 Rxh5 31. Qd1 Rf5 32. Qg4 Nxe3 33. fxe3 Rg5 34. Qf4 Bf6 35. Ng4 e5 36. Nxe5 Bb7 37. Ng4 Bxg2 38. Kxg2 Qd7 39. Kf3 Be7 40. Ke2 Qxg4+ 41. Qxg4 Rxg4 42. Rac1 Bd6 43. Kd3 Rb8 44. e4 Rd8 45. Ke3 Rf8 46. Rxf8+ Kxf8 47. e5 Bxe5 48. dxe5 Rg3+ 49. Ke4 Rxb3 50. Rxc7 a5 51. Kd5 Rd3+ 52. Ke6 Kg8 53. Rc8+ Kh7 54. Rb8 b4 55. Rb5 Ra3 56. Kf5 Ra1 57. e6 Rf1+ 58. Ke5 g6 59. Kd6 Rd1+ 60. Ke7 Kg7 61. Rxa5 Rb1 62. Rb5 b3 63. Kd6 Rd1+ 64. Ke5 Re1+ 65. Kd5 Kf6 66. Rxb3 Re5+ 67. Kd4 Rxe6 68. Re3 Rxe3 69. Kxe3 Kg5 70. Kf3 Kh4 71. Kf2 Kh3 72. Kg1 0-1

[Event "British Rapidplay"]
[Site "Peterborough"]
[Date "2025.03.01"]
[Round "3.38"]
[White "Cheng, Louis"]
[Black "Khoury, Theo"]
[Result "1/2-1/2"]
[WhiteElo "2015"]
[BlackElo "2164"]
[PlyCount "42"]
[EventDate "2025.03.01"]
[EventType "swiss (rapid)"]
[EventRounds "11"]
[EventCountry "ENG"]
[SourceTitle "BritBase"]
[Source "John Saunders"]
[SourceDate "2025.03.03"]
[SourceVersion "1"]
[SourceVersionDate "2025.03.03"]
[SourceQuality "2"]

1. e4 c5 2. Nc3 d6 3. d4 cxd4 4. Qxd4 Nc6 5. Qd2 g6 6. b3 Bh6 7. f4 Nf6 8. Bb2 O-O 9. O-O-O e5 10. g3 Re8 11. Kb1 Nd4 12. Nge2 Bg4 13. Nxd4 exd4 14. Qxd4 Bg7 15. Rc1 Nxe4 16. Qxg7+ Kxg7 17. Nxe4+ Kf8 18. Nf6 Bf3 19. Rg1 h5 20. Nh7+ Kg8 21. Nf6+ Kf8 1/2-1/2

[Event "British Rapidplay"]
[Site "Peterborough"]
[Date "2025.03.01"]
[Round "3.40"]
[White "Mehrafarin, Amirabbas"]
[Black "Martin, Lewis"]
[Result "0-1"]
[WhiteElo "1814"]
[BlackElo "2050"]
[PlyCount "112"]
[EventDate "2025.03.01"]
[EventType "swiss (rapid)"]
[EventRounds "11"]
[EventCountry "ENG"]
[SourceTitle "BritBase"]
[Source "John Saunders"]
[SourceDate "2025.03.03"]
[SourceVersion "1"]
[SourceVersionDate "2025.03.03"]
[SourceQuality "2"]

1. e4 c6 2. d4 d5 3. exd5 cxd5 4. Bd3 Nc6 5. c3 Qc7 6. h3 g6 7. Ne2 Bg7 8. Bf4 e5 9. dxe5 Bxe5 10. Qd2 Nf6 11. Bh6 Be6 12. f4 Bd6 13. Bg7 Ke7 14. Bxh8 Rxh8 15. Na3 a6 16. Nc2 Re8 17. b3 Kf8 18. O-O Qd7 19. f5 gxf5 20. Qh6+ Ke7 21. Ncd4 Ne4 22. Qh4+ f6 23. Qxh7+ Kd8 24. Qxd7+ Bxd7 25. Nxf5 Bc5+ 26. Kh2 Nf2 27. Nc1 Ne5 28. Bc2 Rg8 29. Nd4 Bxh3 30. Rxf2 Ng4+ 31. Kxh3 Nxf2+ 32. Kh2 Ng4+ 33. Kg1 Ne3 34. Ne6+ Ke7 35. Nxc5 Rxg2+ 36. Kh1 Rxc2 37. N1d3 Rxc3 38. Rc1 Rxc1+ 39. Nxc1 Kd6 40. Nxb7+ Kc6 41. Nd8+ Kc5 42. Kg1 Kd4 43. Kf2 Nc2 44. Ke2 Kc3 45. Nc6 f5 46. Nd3 d4 47. Ne7 Ne3 48. Nc6 Nd5 49. Nce5 Kc2 50. Nc6 Nc3+ 51. Kf3 Kxd3 52. Nb4+ Kd2 53. Nxa6 Nxa2 54. b4 Kc3 55. Nc5 Nxb4 56. Kf4 Nd3+ 0-1

[Event "British Rapidplay"]
[Site "Peterborough"]
[Date "2025.03.01"]
[Round "3.41"]
[White "Nilim, Armaan"]
[Black "Lalic, Susan Kathryn"]
[Result "0-1"]
[WhiteElo "1848"]
[BlackElo "2227"]
[PlyCount "65"]
[EventDate "2025.03.01"]
[EventType "swiss (rapid)"]
[EventRounds "11"]
[EventCountry "ENG"]
[SourceTitle "BritBase"]
[Source "John Saunders"]
[SourceDate "2025.03.03"]
[SourceVersion "1"]
[SourceVersionDate "2025.03.03"]
[SourceQuality "2"]

1. d4 e6 2. Nc3 d5 3. Bf4 a6 4. e3 c5 5. Nf3 Nf6 6. Be2 Be7 7. O-O b5 8. Ne5 Bb7 9. Bf3 Nbd7 10. Re1 O-O 11. g4 Nxe5 12. Bxe5 Nd7 13. Bf4 b4 14. Ne2 cxd4 15. exd4 Nb6 16. b3 Rc8 17. Ng3 Bg5 18. Qd2 Bxf4 19. Qxf4 Qc7 20. Qg5 h6 21. Qh4 Qd8 22. Qh3 Rxc2 23. Re5 Nd7 24. Rh5 Nf6 25. Re5 Nh7 26. Qh5 Qb6 27. Rd1 Rfc8 28. h4 Nf6 29. g5 Nxh5 30. Nxh5 Rc1 31. Kg2 Rxd1 32. Bxd1 Qxd4 33. Re1 0-1